MEDYUM (Record no. 1220786)

MARC details
000 -LEADER
sabit uzunluktaki kontrol alanı 00230nam a2200097Ia 4500
001 - KONTROL NUMARASI
kontrol alanı 1220786
005 - EN SON İŞLEMİN TARİH VE ZAMANI
kontrol alanı 20250827092817.0
008 - SABİT-UZUNLUKTA VERİ ÖĞELERİ--GENEL BİLGİ
sabit uzunluktaki kontrol alanı 250824s9999 xx 000 0 und d
245 #0 - ESER / YAZAR
ESER ADI MEDYUM
Yazar Adı STEPHEN KING
260 ## - YAYIN, DAĞITIM, VB.
YAYIN EVİ ALTIN KİTAPLAR
Holdings
Düşüm durumu Kayıp durumu Hasar Durumu Ödünç verilmez Ana kütüphane Geçerli Kütüphane Edinilen tarih Toplam ödünç verme sayısı Barkod Son görüntüleme tarihi Son ödünç verme tarihi Fiyatın geçerli olmaya başladığı tarih Koha materyal türü
        KONYA ATATÜRK ANADOLU LİSESİ KONYA ATATÜRK ANADOLU LİSESİ 24.08.2025 1 11015211 07.04.2026 06.01.2026 27.08.2025 Books